Statistiques concernant Trouver le chanteur (ou la chanteuse) par rapport à la chanson (années 80 et 90)

Cliquez ici pour prendre le quiz!

Statistiques générales

  • Ce quiz a été pris 1 189 fois
  • Le résultat moyen est 10 sur 17

Statistiques - réponses

TitreInterprète% Correct
ThrillerMichael Jackson
97%
Joe le taxiVanessa Paradis
93%
Je te donneJean-Jacques Goldman
91%
Pour que tu m'aimes encoreCéline Dion
90%
Savoir aimerFlorent Pagny
81%
Les Démons de minuitImages
69%
Bo le lavaboLagaf'
69%
Dur dur d'être un bébéJordy
68%
Nuit de folieDébut de soirée
62%
Tu m'oublierasLarusso
62%
Besoin de rien,envie de toiPeter et Sloane
55%
HélèneRoch Voisine
55%
Candle in the WindElton John
45%
MacarenaLos Del Rio
35%
Just an IllusionImagination
28%
Seven secondsYoussou N'Dour & Neneh Cherry
27%
Living On My OwnFreddie Mercury
13%

Distribution des résultats

Percentile par nombre de réponses

% des personnes avec chaque résultat

Votre développement - résultats

Vous n’avez pas pris ce quiz